Internacionalizácia vybranej medzinárodnej firmy bakalárska práca

Gespeichert in:
Bibliographische Detailangaben
1. Verfasser: Konečná, Hana
Körperschaft: Obchodná fakulta EU. Katedra medzinárodného obchodu
Weitere Verfasser: Krajčík, Daniel, 1981-
Format: Buch
Sprache:Slowakisch
Veröffentlicht: Bratislava 2014
Tags: Tag hinzufügen
Keine Tags, Fügen Sie das erste Tag hinzu!

MARC

LEADER 00000nbm a2200000 4500
001 0188439
005 20170201102547.7
041 0 |a slo 
044 |a SK 
245 1 0 |a Internacionalizácia vybranej medzinárodnej firmy  |b bakalárska práca  |c Hana Konečná ; školiteľ: Daniel Krajčík 
264 1 |a Bratislava  |c 2014 
300 |a 45 s. 
100 1 |a Konečná, Hana 
700 1 |a Krajčík, Daniel, 1981- 
710 2 |a Obchodná fakulta EU. Katedra medzinárodného obchodu